| 000 | 01377nam a2200181 4500 | ||
|---|---|---|---|
| 999 |
_c3944 _d3944 |
||
| 020 | _a 9780697327161 | ||
| 020 | _a0697327167 | ||
| 050 |
_aKF2750 _b.M34 |
||
| 100 | _aDon R. Pember | ||
| 245 |
_aMass media law _cDon R. Pember. |
||
| 250 | _a1998 ed., | ||
| 260 |
_aBoston : _b McGraw Hill, _c1997. |
||
| 300 |
_axix, 616 p.: _bill; _c24 cm. |
||
| 500 | _a"In this edition you will find material regarding the intersection of the law and the Internet in many chapters"--Preface. | ||
| 505 | _a The American legal system -- The First Amendment: the meaning of freedom -- The First Amendment: contemporary problems -- Libel: establishing a case -- Libel: proof of fault -- Libel: defenses and damages -- Invasion of privacy: appropriation and intrusion -- Invasion of privacy: publication of private information and false light -- Gathering information: records and meetings -- Protection of news sources -- The contempt power -- Free press/fair trial: trial level remedies and restrictive orders -- Free press/fair trial: closed judicial proceedings -- Regulation of obscene and other erotic material -- Copyright -- Regulation of advertising --Telecommunications regulation: history and licensing -- Telecommunications regulation: content controls and cable -- Glossary. | ||
| 650 |
_a Mass media -- _x Law and legislation -- United States. |
||
| 942 | _cBK | ||